Best Selling Wii U Games - Statistics

General Stats
  • This quiz has been taken 90 times
  • The average score is 9 of 15
Answer Stats
Sales Game % Correct
8.46 Million Mario Kart 8
93%
5.88 Million Super Mario 3D World
82%
5.82 Million New Super Mario Bros. U
81%
5.21 Million Nintendo Land
80%
5.38 Million Super Smash Bros. for Wii U
69%
4.95 Million Splatoon
65%
1.70 Million The Legend of Zelda: Breath of the Wild
64%
2.27 Million Mario Party 10
60%
4.02 Million Super Mario Maker
57%
2.02 Million Donkey Kong Country: Tropical Freeze
52%
3.07 Million New Super Luigi U
46%
2.36 Million The Legend of Zelda: The Wind Waker HD
43%
1.79 Million Wii Party U
35%
1.57 Million Yoshi’s Woolly World
35%
1.47 Million Minecraft
18%
No matching quizzes found
Score Distribution
Percent of People with Each Score
Percentile by Number Answered
Your Score History
You have not taken this quiz